| 000 | 00398 a2200157 4500 | ||
|---|---|---|---|
| 001 | 184450 | ||
| 020 | _a | ||
| 040 | _cMagnum | ||
| 100 | _aAquino, Eduardo | ||
| 240 | 1 | 0 |
_aXará, o doidão que começou na maconha e terminou no pó _lpor |
| 245 | 1 | 0 | _aXará, o doidão que começou na maconha e terminou no pó |
| 300 | _a96 | ||
| 362 | 0 | _a1999 | |
| 697 | _aLITERATURA JUVENIL | ||
| 942 | _cBK | ||
| 999 |
_c184450 _d184450 |
||